00270nam a2200121Ia 4500008004100000100002000041245002500061260002100086300000700107650001000114942000700124999001700131190216s9999||||xx |||||||||||||| ||und|| aBhanwar Bhadani 0aHindi-Naqsh E Katham bKavitha Prakasan a85 aHindi cBK c16201d16201